Never born, never died / (Record no. 175714)
[ view plain ]
| 000 -LEADER | |
|---|---|
| fixed length control field | 00531 a2200181 4500 |
| 005 - DATE AND TIME OF LATEST TRANSACTION | |
| control field | 20200922111435.0 |
| 010 ## - LCCN (DPL NO) | |
| LC control number | B-108136 |
| 020 ## - INTERNATIONAL STANDARD BOOK NUMBER | |
| International Standard Book Number | 8176211214 |
| Terms of availability | 150.00 |
| 035 ## - SYSTEM CONTROL NUMBER | |
| System control number | B-108136 |
| 037 ## - SOURCE OF ACQUISITION | |
| Source of stock number/acquisition | DBAD / PUB |
| 082 14 - DEWEY DECIMAL CLASSIFICATION NUMBER | |
| Classification number | 181.499 |
| Item number | OSH |
| 100 ## - MAIN ENTRY--PERSONAL NAME | |
| Personal name | Osho |
| 245 1# - TITLE STATEMENT | |
| Title | Never born, never died / |
| Statement of responsibility, etc | by Osho |
| 260 ## - PUBLICATION, DISTRIBUTION, ETC. (IMPRINT) | |
| Place of publication, distribution, etc | New Delhi: |
| Name of publisher, distributor, etc | Full Circle |
| Date of publication, distribution, etc | 2005 |
| 270 ## - ADDRESS | |
| Address | J-40, Jorbagh Lane |
| City | New Delhi |
| Postal code | 110 003 |
| Telephone number | 24620063 |
| Electronic mail address | fullcircle@vsnl.com |
| 300 ## - PHYSICAL DESCRIPTION | |
| Extent | 190p.: |
| Dimensions | 21cm (pbk) |
| 942 ## - ADDED ENTRY ELEMENTS (KOHA) | |
| Institution code [OBSOLETE] | dpl |
| Item type | English Books |
| Source of classification or shelving scheme | Dewey Decimal Classification |
| Classification part | 181.499 |
| Call number suffix | OSH |
| Withdrawn status | Lost status | Not for loan | Home library | Current library | Date acquired | Cost, normal purchase price | Full call number | Barcode | Cost, replacement price | Koha item type |
|---|---|---|---|---|---|---|---|---|---|---|
| Sarojini Nagar | Sarojini Nagar | 22/09/2020 | 150.00 | 181.499 OSH | B-108136 | 150.00 | English Books |
